BIBLIOTECA

SENCICO

Projeto das paredes estucturais em alvenaria de blocos de concreto (Registro nro. 3472)

Detalles MARC
000 -LEADER
fixed length control field 00860nam a2200193Ia 4500
005 - DATE AND TIME OF LATEST TRANSACTION
control field 20251020182615.0
008 - FIXED-LENGTH DATA ELEMENTS--GENERAL INFORMATION
fixed length control field 200515s9999 xx 000 0 und d
082 ## - DEWEY DECIMAL CLASSIFICATION NUMBER
Classification number SC/691:327:624(81)/I59
110 ## - MAIN ENTRY--CORPORATE NAME
Corporate name or jurisdiction name as entry element Instituto Brasileiro do Concreto
245 #0 - TITLE STATEMENT
Title Projeto das paredes estucturais em alvenaria de blocos de concreto
260 ## - PUBLICATION, DISTRIBUTION, ETC.
Place of publication, distribution, etc. São Paulo
260 ## - PUBLICATION, DISTRIBUTION, ETC.
Date of publication, distribution, etc. 1977
300 ## - PHYSICAL DESCRIPTION
Extent s.n.
500 ## - GENERAL NOTE
General note influencia dos constituintes.- Comportamiento estructral da alvenaria conceito de rigidez e fundacoes apropiadas.- Blocos de concreto para alvenaria armada
520 ## - SUMMARY, ETC.
Summary, etc. Contenido: Projeto das paredes estructurais em alvenaria de blocos de concreto.- Aspectos técnico-económicos da alvenaria estructural de blocos de concreto.- Resistencia do prisma oco de alvenaria estructural
650 ## - SUBJECT ADDED ENTRY--TOPICAL TERM
Topical term or geographic name entry element ALBAÑILERIA
650 ## - SUBJECT ADDED ENTRY--TOPICAL TERM
Topical term or geographic name entry element BLOQUES DE CONCRETO
942 ## - ADDED ENTRY ELEMENTS (KOHA)
Koha item type Libros
Existencias
Fecha de la última vez que lo usaron Pago total Signatura topográfica completa Código de barras Precio efectivo desde Tipo de documento Estado perdido Estado dañado No es para préstamo Retirado Ubicación permanente Ubicación actual Fecha de adquisición
15/05/2020   SC/691:327:624(81)/I59 Bib-Lima15053472 15/05/2020 Libros         Biblioteca Central Lima Biblioteca Central Lima 15/05/2020